000 02026cam a22003735i 4500
999 _c27712
_d27683
001 12041439
003 EG-ScBUE
005 20191028131947.0
008 000615t2000 enk f b 001 0 eng d
020 _a1856498581 (cased)
020 _a185649859X (limp)
020 _a9781856498593
040 _aDLC
_beng
_erda
_cDLC
_dDLC
_dEG-ScBUE
043 _af------
082 0 4 _a338.96
_bABR
_222
100 1 _aAbrahamsen, Rita,
_d1966-
_eauthor.
245 1 0 _aDisciplining democracy :
_bdevelopment discourse and good governance in Africa /
_cRita Abrahmsen.
264 1 _aLondon ;
_aNew York, N.Y. :
_bZed Books,
_c[2000]
264 1 _cc2000
300 _axv, 168 pages ;
_c23 cm
336 _atext
_btxt
_2rdacontent
337 _aunmediated
_bn
_2rdamedia
338 _avolume
_bnc
_2rdacarrier
504 _aIncludes bibliographical references and index.
520 _aThis thought-provoking book does not simply link the West's good governance agenda with the demise of the Soviet Union. Abrahamsen shows that this democratic agenda involves little more than superficial institutional reforms. The West's primary goal in developing countries remains the enforcement of structural adjustment. African governments, in particular, remain in a double bind, nominally responsible to their electorates at home, but also beholden to external creditors and donors. Demands by impoverished electorates that their new democratic institutions actually work to defend their interests are often branded as illegitimate by the West
650 7 _aDemocracy
_zAfrica.
_2BUEsh
_928799
650 7 _aEconomic development.
_2BUEsh
651 7 _aAfrica
_xEconomic policy.
_2BUEsh
_932385
653 _bBUSBOL
_bMASPPSS
_cOctober2019
856 4 2 _3Contributor biographical information
_uhttp://www.loc.gov/catdir/bios/hol058/00043430.html
856 4 2 _3Publisher description
_uhttp://www.loc.gov/catdir/description/hol051/00043430.html
856 4 1 _3Table of contents
_uhttp://www.loc.gov/catdir/toc/hol051/00043430.html
942 _2ddc
_cBB